Suisse - Sion - Statistiques

Statistiques générales
  • Ce quiz a été pris 38 fois
  • Le résultat moyen est 10 sur 15
Statistiques - réponses
Questions Réponses % Correct
Quel célèbre fleuve traverse la ville ? Rhône
100%
Comment s'appellent les habitants de la ville ? Sédunois
97%
Comment se nomme le château voisin, dans lequel l'évêque de la ville résidait anciennement ? Château de Tourbillon
94%
Comment se nomme un des deux châteaux emblématiques de la ville dans lequel se trouve une basilique ? Château de Valère
85%
Comment s'appelle le festival de musique se déroulant chaque année lors du mois de Juillet ? Sion sous les Etoiles
82%
Quelle grande école polytechnique suisse possède un campus de recherche à Sion ? EPFL
79%
Cette basilique est réputée pour avoir un instrument spécifique qui est le plus ancien au monde qui soit encore jouable. Lequel ? Orgue de Valère
76%
Comment se nomme le stade de foot du FC Sion ? Stade de Tourbillon
76%
Quel nom les Romains ont donné à la ville ? (En référence aux "Sédunes", peuple celte qui vivait dans la région) Sedunum
61%
Une église et un cycle d'orientation de Sion sont nommées en hommage à un ancien évêque de la ville qui a été sanctifié. De qui s'agit-il ? Saint-Guérin
58%
Quel joueur de foot ayant remporté un Ballon d'Or a joué un an dans ce club durant son parcours junior ? Ronaldinho
55%
Comment se nomme l'autre place célèbre de Sion ? Place du Midi
48%
Quelle bataille, dont le nom est commun à une place connue de la ville, est livrée en 1475 entre les Sédunois et les troupes savoyardes ? Bataille de la Planta
42%
Depuis combien d'années le site de Sion est-il occupé ? 11000 ans
6%
Quel ancien homme politique, considéré comme « l'homme d'État le plus visionnaire du Valais du XXe siècle », a un buste à son effigie érigé à Sion ? Maurice Troillet
6%
Aucun quiz correspondant
Distribution des résultats
% des personnes avec chaque résultat
Percentile par nombre de réponses
Votre historique - résultats
Vous n’avez pas pris ce quiz